| 000 | 00763nam a2200181 a 4500 | ||
|---|---|---|---|
| 005 | 20140414132110.0 | ||
| 008 | 110513s19uu xx 00 eng d | ||
| 020 | _a9780753462591 | ||
| 050 |
_aREF 609.22 _bG36 2009 |
||
| 100 | _aGifford, Clive. | ||
| 245 |
_a10 inventors who changed the world / _cby Clive Gifford. |
||
| 260 |
_aLondon : _bKingfisher, _c2009. |
||
| 300 | _a63 p. : col. ill. ; 29 cm. | ||
| 520 | _aIncludes ten riveting, in-depth biographies in a graphic novel format of legendary inventors, including Galileo, Thomas Edison, Ben Franklin and James Watt. | ||
| 650 |
_aInventors _xBiography _xComic books, strips, etc _xJuvenile literature. |
||
| 650 |
_aInventions _xHistory _xComic books, strips, etc. _xJuvenile literature. |
||
| 999 |
_c114724 _d114724 |
||